[Event "EU-ch U14 Girls 26th"]
[Site "Prague"]
[Date "2016.08.26"]
[Round "8"]
[White "Dziho, Sadzida"]
[Black "Smith, Rachel Lorna"]
[Result "0-1"]
[WhiteElo "1539"]
[BlackElo "1616"]
[PlyCount "70"]
[EventDate "2016.08.18"]
[EventType "swiss"]
[EventRounds "9"]
[EventCountry "CZE"]
[SourceTitle "CBM 174 Extra"]
[Source "ChessBase"]
[SourceDate "2016.10.10"]
[SourceVersion "1"]
[SourceVersionDate "2016.10.10"]
[SourceQuality "1"]

1. d4 Nf6 2. c4 c5 3. e3 g6 4. Nf3 cxd4 5. exd4 d5 6. c5 Bg7 7. Be2 0-0 8. 0-0 Nc6 9. Be3 b6 10. Bb5 Bb7 11. Nc3 Rc8 12. Qa4 Qc7 13. Rfe1 Rfd8 14. cxb6 axb6 15. Rac1 Ra8 16. Qb3 Na5 17. Qb4 Nc6 18. Qb3 e6 19. Na4 Nd7 20. Bg5 Rdc8 21. Qd3 Qb8 22. Bh4 Qa7 23. Nc3 Ba6 24. Red1 Nb4 25. Qe2 Bxb5 26. Qxb5 Na6 27. a3 Qb7 28. Qd3 Nc7 29. Qe3 b5 30. Ne5 Nxe5 31. dxe5 b4 32. axb4 Qxb4 33. Bf6 Qxb2 34. Rb1 Qa3 35. Ra1 Qxa1 0-1